00318nam a2200109Ia 4500008004100000041001200041082001500053100005900068245006200127260001000189440000900199240126s9999 xx 000 0 und d aEnglish aPRCS00-704 aPavan Kumar, B S Prashant Jain Ravi Mohan, V Vijay, N  0aIntegrated development environment for Java 2bManjula, G bPESIT aNULL